Normal view MARC view

Entry Topical Term

Number of records used in: 1

001 - CONTROL NUMBER

  • control field: 3112

003 - CONTROL NUMBER IDENTIFIER

  • control field: OSt

005 - DATE AND TIME OF LATEST TRANSACTION

  • control field: 20150303154612.0

008 - FIXED-LENGTH DATA ELEMENTS

  • fixed length control field: 150303|| aca||aabn | a|a d

040 ## - CATALOGING SOURCE

  • Original cataloging agency: OSt
  • Transcribing agency: OSt

150 ## - HEADING--TOPICAL TERM

  • Topical term or geographic name entry element: Diagnosis, Differential
  • General subdivision: Atlases.

670 ## - SOURCE DATA FOUND

  • Source citation: Work cat.: (OSt)1141: Magnetic resonance imaging in multiple sclerosis :, 1989.